000 00302nam a22001337a 4500
008 170622b xxu||||| |||| 00| 0 eng d
020 _a0803268564
041 _aeng
080 _a32
100 _a21
101 _aSHP
245 _aHUMAN RIGHT AND WORLD POLITICS
_cFORSYTHE.D.P
942 _2udc
_cBK
999 _c18745
_d18745